Language Quiz

Random Language or Letter Quiz

'Z' Words Quiz Stats

 Plays Quiz Updated Oct 25, 2013

Support Sporcle.
Go Orange.
Score 0/22 Timer 06:00
0 Plays Today
Hint Word % Correct
The Greek god of the sky; he was known for his thunderbolts.Zeus
98.9%
A black and white striped African equid. Zebra
93.8%
A locator number used by the US Postal Service.ZIP Code
88.3%
A fastener for locking together two toothed edges by means of a sliding tab.Zipper
86.2%
A school of Buddhism which emphasizes meditation. Zen
85.8%
The branch of biology associated with animals and animal life.Zoology
83.5%
A dead body that has been reanimated by supernatural forces.Zombie
81.9%
Vigorous and enthusiastic enjoyment. Alternatively, the shaved rind of a lemon or orange.Zest
80.2%
A small cucumber-shaped squash, typically dark green.Zucchini
77.1%
A landlocked republic in south-central Africa formerly called Southern Rhodesia.Zimbabwe
75.1%
A bluish-white lustrous metallic element.Zinc
73.7%
Hint Word % Correct
The former name of the Democratic Republic of the Congo.Zaire
72%
A fervent, even militant proponent of something. Alternatively, a unit in Starcraft.Zealot
51.7%
A mountain near Jerusalem. Also, the last human city in The Matrix.Zion
51.2%
The semi-autonomous island chain off the coast of Tanzania.Zanzibar
45.6%
Either of two minor Old Testament prophets.Zephaniah or Zechariah
41.9%
The Greek god of the west wind.Zephyr
37.7%
A digital audio player designed by Microsoft to compete with the iPod.Zune
36.6%
Ancient religion that originated in Persia; also known as Mazdaism.Zoroastrianism
30.2%
A Mexican Revolutionary who led a revolt for agrarian reforms.Emiliano Zapata
30%
A rectangular tiered temple erected by the ancient Assyrians and Babylonians.Ziggurat
28.9%
Music of southern Louisiana that combines French dance melodies with Caribbean music and blues.Zydeco
25.2%

You're not logged in!

Compare scores with friends on all Sporcle quizzes.
OR
Log In
Forgot?

From the Vault

Finish the Lyric II

by Derek

Music 6m
Later, when you are singing 'Don't Stop Believing' - think of Sporcle.
Remove Ads.
Support Sporcle.
Get the best of Sporcle when you Go Orange. This ad-free experience offers more features, more stats, and more fun while also helping to support Sporcle. Thank you for becoming a member.

Show Comments

Extras

Top Quizzes Today


Score Distribution

Your Account Isn't Verified!

In order to create a playlist on Sporcle, you need to verify the email address you used during registration. Go to your Sporcle Settings to finish the process.

Report this User

Report this user for behavior that violates our Community Guidelines.

Details: